000 00310nam a2200145Ia 4500
100 _aFreed/ Derfier
942 _cBK
654 _aPCMN
245 _aPC Magzine Guide to using Netware
260 _bZiff.Davis
_aCalifornia
_c1991
082 _a4.65
_bPAN
300 _a318
546 _aENGLISH
999 _c20622
_d20622